| 000 | 00517nam a2200181Ia 4500 | ||
|---|---|---|---|
| 999 |
_c34596 _d34596 |
||
| 003 | OSt | ||
| 005 | 20200911101322.0 | ||
| 008 | 190216s9999||||xx |||||||||||||| ||und|| | ||
| 020 | _a9788121925556 | ||
| 040 | _coclc | ||
| 082 |
_a621.381 _bTHE/B |
||
| 100 |
_aTheraja, B L _94338 |
||
| 245 | 0 |
_aBasic Electronics : _bSolid State / _cB L Theraja |
|
| 260 |
_bS. Chand & Company, _c2014. _aNew Delhi: |
||
| 300 | _a715p | ||
| 650 | _aPhysics | ||
| 942 |
_cBK _2ddc _h621.381 _iTHE/B _k621.381 _mTHE/B |
||